000 00697nam a2200289Ia 4500
005 20260324120419.0
008 008 260324s9999 xx 000 0 eng d
020 _a9781315416694
037 _aEBOOK
040 _aCRL
040 _beng
040 _cCRL
041 _2eng
041 _aeng
084 _qCRL
100 _aAnna S Agbe-Davies
_91158469
245 0 _aTobacco, Pipes, and Race in Colonial Virginia
245 0 _bLittle Tubes of Mighty Power
260 _bTaylor and Francis
260 _c2015
365 _a
365 _b265
856 _uhttp://www.taylorfrancis.com/books/9781315416694
942 _cEBOOK
999 _c1749990
_d1749990